000 00799nam a22002777i 4500
003 DO-SdBNP
005 20250812104635.0
007 ta
008 250812s2025 dr 000 0 spa d
020 _a9789945294095
040 _aDO-SdBNP
_bspa
_cBNPHU
_erda
041 _asp
082 _axxx
_bV145v
_222
100 1 _aValdez, Antonio
_eautor
_988479
245 1 3 _aVoleibol dominicano :
_bde reinas, reyes y princesas, para el mundo
250 _aPrimera edición
264 _aSanto Domingo :
_bGraphic Colonial,
_c2025
300 _a512 páginas :
_bilustraciones ;
_c24 cm.
336 _ardacontent
_btexto
_2txt
337 _ardamedia
_bsin mediación
_2n
338 _ardacarrier
_bvolumen
_2nc
500 _aTomo II
590 _aInventariado,2025/DG
910 _aDG
942 _2ddc
_cLBS1
999 _c59763
_d59763